Тематические указатели литературы. Вып.92: Периодические магнитные фокусирующие системы СВЧ приборов (Запись № 1925086)
[ простой вид ]
| 000 -МАРКЕР | |
|---|---|
| контрольное поле | 01958nam2a22002771 4500 |
| 001 - ИДЕНТИФИКАТОР ЗАПИСИ | |
| контрольное поле | RU\NLR\INFOCOMM29\5000104919 |
| 005 - ИДЕНТИФИКАТОР ВЕРСИИ | |
| контрольное поле | 20250617145217.0 |
| 035 ## - ДРУГИЕ СИСТЕМНЫЕ НОМЕРА | |
| Идентификатор записи | (NLR Aleph) 002726850 |
| 100 ## - ДАННЫЕ ОБЩЕЙ ОБРАБОТКИ | |
| Данные общей обработки | 20050203d1974 |||y0rusy50 ca |
| 101 0# - ЯЗЫК РЕСУРСА | |
| Язык текста, звукозаписи и т.д. | русский |
| 102 ## - СТРАНА ПУБЛИКАЦИИ ИЛИ ПРОИЗВОДСТВА | |
| Страна публикации | российская федерация |
| 105 ## - ПОЛЕ КОДИРОВАННЫХ ДАННЫХ: ТЕКСТОВЫЕ МАТЕРИАЛЫ, МОНОГРАФИЧЕСКИЕ | |
| Кодированные данные о монографическом текстовом документе | y ||||000|y |
| 200 1# - ЗАГЛАВИЕ И СВЕДЕНИЯ ОБ ОТВЕТСТВЕННОСТИ | |
| Основное заглавие | Периодические магнитные фокусирующие системы СВЧ приборов |
| Сведения, относящиеся к заглавию | Отеч. и иностр. литература за 1965-1973 гг. |
| Первые сведения об ответственности | Н.Н. Кузокова |
| 210 ## - ПУБЛИКАЦИЯ, РАСПРОСТРАНЕНИЕ И ДР. | |
| Дата издания, распространения и т.д. | 1974 |
| Место издания, распространения и т.д. | Б. м. |
| 225 1# - СЕРИЯ | |
| Основное заглавие серии | ... |
| Обозначение тома | Вып.92 |
| Наименование части | ... |
| Обозначение тома | 1974, Вып.2 |
| 461 #0 - УРОВЕНЬ НАБОРА | |
| Встроенное поле | 001RU\NLR\INFOCOMM29\5000103559 |
| -- | 2001#$aТематические указатели литературы$fМ-во электронной пром-сти СССР. Ин-т "Электроника"$vВып.92 |
| Системный номер (АБИС) связанной записи | 1907610 |
| Автор | "Электроника", институт (Москва) |
| Место публикации | М. |
| Дата публикации | 1962-1983 |
| Первые сведения об ответственности | М-во электронной пром-сти СССР. Ин-т "Электроника" |
| Заглавие | Тематические указатели литературы |
| Номер тома | Вып.92 |
| 462 #0 - УРОВЕНЬ ПОДНАБОРА | |
| Встроенное поле | 001RU\NLR\INFOCOMM29\5000104873 |
| -- | 2001#$aТематические указатели литературы$iСерия: Электроника СВЧ$fМ-во электронной пром-сти СССР. Ин-т "Электроника" ...$v1974, Вып.2 |
| Системный номер (АБИС) связанной записи | 1924971 |
| Автор | "Электроника", институт (Москва) |
| Место публикации | М. |
| Дата публикации | 1970-1980 |
| Первые сведения об ответственности | М-во электронной пром-сти СССР. Ин-т "Электроника" ... |
| Заглавие части | Серия: Электроника СВЧ |
| Заглавие | Тематические указатели литературы. - Тематические указатели литературы |
| Номер тома | 1974, Вып.2 |
| 700 #1 - ИМЯ ЛИЦА - ПЕРВИЧНАЯ ОТВЕТСТВЕННОСТЬ | |
| Начальный элемент ввода | Кузовкова |
| Часть имени, кроме начального элемента ввода | Н.Н. |
| Код отношения | Автор |
| 801 #1 - ИСТОЧНИК ЗАПИСИ | |
| Страна | российская федерация |
| Организация | InfoComm |
| Дата составления | 20050203 |
| 801 #0 - ИСТОЧНИК ЗАПИСИ | |
| Страна | российская федерация |
| Организация | NLR |
| Правила каталогизации | PSBO |
| 852 ## - МЕСТОНАХОЖДЕНИЕ И ШИФР ХРАНЕНИЯ | |
| Идентификатор организации | NLR |
| Шифр хранения (Call Number) | С315-410/Т-32 |
| 942 ## - ДОПОЛНИТЕЛЬНЫЕ ЭЛЕМЕНТЫ ЗАПИСИ (АБИС) | |
| Тип экземпляра АБИС | Выпуск |
| 980 ## - КОЛЛЕКЦИЯ | |
| Название коллекции | Национальная библиография |
| 980 ## - КОЛЛЕКЦИЯ | |
| Название коллекции | Русская периодика |
Нет доступных экземпляров.